| 000 | 00662nam a22002417a 4500 | ||
|---|---|---|---|
| 005 | 20210121154826.0 | ||
| 008 | 200921b xxu||||| |||| 00| 0 spa d | ||
| 020 | _a9789587920437 | ||
| 041 | _aspa | ||
| 082 | _a428.3 P438i | ||
| 100 |
_aPérez León, Eva María _959507 |
||
| 245 | _aInglés oral y escrito en el comercio internacional | ||
| 260 | _aColombia | ||
| 260 | _bEdiciones de la U. | ||
| 260 | _c2019 | ||
| 300 | _a170 páginas | ||
| 650 |
_aINGLÉS _92062 |
||
| 650 |
_aCOMERCIO INTERNACIONAL _9705 |
||
| 650 |
_aENSEÑANZA _9236 |
||
| 650 |
_aCOMUNICACIÓN EN INGLÉS _959508 |
||
| 650 |
_aCOMUNICACIÓN COMERCIAL _915578 |
||
| 942 | _cBK | ||
| 999 |
_c12792 _d12792 |
||